000 00623nam a2200205Ia 4500
003 GCL
008 140319s9999 xx 000 0 ara d
040 _aGCL /
_cGCL
082 0 4 _a953.001
_bن ت
100 1 _aنبيه عاقل
245 1 0 _aتاريخ العرب القديم وعصر الرسول /
_cنبيه عاقل
260 _a[S.N] :
_bدار الفلسفة ،
_c1983
300 _a574 ص
490 _aتاريخ العرب والاسلام
_v0
650 0 4 _aالعالم العربى
650 0 4 _aتاريخ
650 0 4 _aالاسلام
650 0 4 _aالتاريخ الاسلامى
942 _2ddc
_cBK
999 _c57751
_d57751